|
|
|
|
| LEADER |
01370nam a2200289 a 4500 |
| 001 |
12573909 |
| 008 |
011029s2003 maua 001 0 eng d |
| 010 |
|
|
|a 2001055815
|
| 020 |
|
|
|a 0072528125 (student ed. : alk. paper)
|
| 020 |
|
|
|a 0072423382 (instructor's ed. : alk. paper)
|
| 040 |
|
|
|a DLC
|c DLC
|d DLC
|
| 082 |
0 |
0 |
|a 658.15/11
|2 21
|
| 100 |
1 |
|
|a Garrison, Ray H.
|
| 245 |
1 |
0 |
|a Managerial accounting /
|c Ray H. Garrison, Eric W. Noreen.
|
| 250 |
|
|
|a 10th ed.
|
| 260 |
|
|
|a Boston :
|b McGraw-Hill/Irwin,
|c c2003.
|
| 300 |
|
|
|a xxxvi, 838 p. :
|b col. ill. ;
|c 28 cm.
|
| 500 |
|
|
|a Includes index.
|
| 541 |
1 |
|
|e 00010206
|
| 650 |
|
0 |
|a Managerial accounting.
|
| 700 |
1 |
|
|a Noreen, Eric W.
|
| 852 |
4 |
|
|a Ayesha Abed Library
|j General Shelf.
|
| 942 |
0 |
0 |
|0 1
|
| 999 |
|
|
|c 1646
|d 1646
|
| 952 |
|
|
|0 0
|1 1
|2 ddc
|4 0
|6 658_151100000000000_GAR
|7 0
|9 1511
|a BRACUL
|b BRACUL
|c GEN
|d 2009-06-28
|g 0.00
|l 28
|m 192
|o 658.1511 GAR
|p 3010010206
|r 2022-01-16
|s 2018-01-10
|t 1
|w 2009-06-28
|y BK
|x No price found in the accession register.
|
| 952 |
|
|
|0 0
|1 0
|2 ddc
|4 1
|6 658_151100000000000_GAR
|7 0
|9 8681
|a BRACUL
|b BRACUL
|c GEN
|d 2010-03-18
|g 175.00
|l 24
|m 234
|o 658.1511 GAR
|p 3010012981
|r 2024-05-15
|s 2024-02-20
|t 2
|w 2010-03-18
|y BK
|
| 952 |
|
|
|0 0
|1 4
|2 ddc
|4 0
|6 658_151100000000000_GAR
|7 0
|9 10242
|a BRACUL
|b BRACUL
|c GEN
|d 2010-05-17
|g 2250.00
|l 1
|o 658.1511 GAR
|p 3010012953
|r 2016-09-19
|s 2016-09-19
|t 3
|w 2010-05-17
|y BK
|x Koha Inventory 2020
|